Race, Crime and Injustice?: Strip Search and the Treatment of Suspects in Custody
As Britain has become an increasingly diverse society, law enforcement and order maintenance have, almost inevitably, generated sharp conflicts of interest. Police relations with young people in general, lesbians and gay men, and gypsy and traveller groups have all caused concern in recent times. Gr...
| VerfasserInnen: | ; ; |
|---|---|
| Medienart: | Druck Aufsatz |
| Sprache: | Englisch |
| Veröffentlicht: |
2004
|
| In: |
The British journal of criminology
Jahr: 2004, Band: 44, Heft: 5, Seiten: 677-694 |
| Verfügbarkeit prüfen: | HBZ Gateway |
| Schlagwörter: |
MARC
| LEADER | 00000caa a22000002c 4500 | ||
|---|---|---|---|
| 001 | 1640125736 | ||
| 003 | DE-627 | ||
| 005 | 20220608131202.0 | ||
| 007 | tu | ||
| 008 | 160223s2004 xx ||||| 00| ||eng c | ||
| 035 | |a (DE-627)1640125736 | ||
| 035 | |a (DE-576)456057528 | ||
| 035 | |a (DE-599)BSZ456057528 | ||
| 040 | |a DE-627 |b ger |c DE-627 |e rakwb | ||
| 041 | |a eng | ||
| 100 | 1 | |a Newburn, Tim |d 1959- |0 (DE-588)143672207 |0 (DE-627)704565226 |0 (DE-576)165140259 |4 aut | |
| 109 | |a Newburn, Tim 1959- | ||
| 245 | 1 | 0 | |a Race, Crime and Injustice?: Strip Search and the Treatment of Suspects in Custody |c Tim Newburn, Michael Shiner, Stephanie Hayman |
| 264 | 1 | |c 2004 | |
| 336 | |a Text |b txt |2 rdacontent | ||
| 337 | |a ohne Hilfsmittel zu benutzen |b n |2 rdamedia | ||
| 338 | |a Band |b nc |2 rdacarrier | ||
| 520 | |a As Britain has become an increasingly diverse society, law enforcement and order maintenance have, almost inevitably, generated sharp conflicts of interest. Police relations with young people in general, lesbians and gay men, and gypsy and traveller groups have all caused concern in recent times. Greatest concern has, however, been reserved for the policing of Britain's black and minority ethnic communities, particularly those of African-Caribbean heritage. While the use of stop and search' has provided a key focus for such concern, less attention has been paid to what happens within the police station - although, historically, this has also been a source of considerable mistrust and tension. In this paper, we focus on a largely unexamined police power - the use of strip search. Using data from a single police station (Kilburn) in north London for the period May 1999 to September 2000, we assess the differential use of strip search with a particular focus on race'. The data suggest that this power is used more frequently in connection with arrestees of African-Caribbean origin than any others - even when other factors, such as age, sex and offence, are controlled for | ||
| 700 | 1 | |a Shiner, Michael |4 aut | |
| 700 | 1 | |a Hayman, Stephanie |4 aut | |
| 773 | 0 | 8 | |i In |t The British journal of criminology |d Oxford : Univ. Press, 1960 |g 44(2004), 5, Seite 677-694 |w (DE-627)129851361 |w (DE-600)280389-6 |w (DE-576)015150712 |x 0007-0955 |7 nnas |
| 773 | 1 | 8 | |g volume:44 |g year:2004 |g number:5 |g pages:677-694 |
| 776 | 1 | |o 10.1093/bjc/azh043 | |
| 935 | |a mkri | ||
| 951 | |a AR | ||
| ELC | |b 1 | ||
| LOK | |0 000 xxxxxcx a22 zn 4500 | ||
| LOK | |0 001 3301471439 | ||
| LOK | |0 003 DE-627 | ||
| LOK | |0 004 1640125736 | ||
| LOK | |0 005 20250516143011 | ||
| LOK | |0 008 160208||||||||||||||||ger||||||| | ||
| LOK | |0 040 |a DE-21-110 |c DE-627 |d DE-21-110 | ||
| LOK | |0 689 |a s |a Polizeiliche Maßnahmen | ||
| LOK | |0 689 |a s |a Tatverdächtige | ||
| LOK | |0 689 |a s |a Polizei-Bürger-Kontakte | ||
| LOK | |0 689 |a s |a Rasse | ||
| LOK | |0 689 |a s |a Polizeiliche Festnahme | ||
| LOK | |0 689 |a s |a Alter | ||
| LOK | |0 689 |a s |a Geschlecht | ||
| LOK | |0 689 |a s |a Straftaten | ||
| LOK | |0 689 |a s |a Fehlverhalten | ||
| LOK | |0 689 |a s |a Polizei | ||
| LOK | |0 852 |a DE-21-110 | ||
| LOK | |0 852 1 |m p |9 00 | ||
| LOK | |0 935 |a k110 | ||
| LOK | |0 938 |k p | ||
| LOK | |0 939 |a 08-02-16 |b l01 | ||
| ORI | |a SA-MARC-krimdoka001.raw | ||
